[Event "Staatsliga B - Ost 2002/03"]
[Site "Gols, Hauptplatz, RAIBA"]
[Date "2002.10.25"]
[Round "1"]
[Board "3"]
[White "Hechl, Gerald"]
[Black "Wadsack, Wolfgang"]
[Result "0-1"]
[WhiteElo "2250"]
[BlackElo "2162"]
[PlyCount "98"]

1.c4 c6 2.e4 d5 3.exd5 Nf6 4.Nc3 cxd5 5.cxd5 Nxd5 6.Bc4 e6 7.d4 Nc6 8.Nf3 Be7
9.O-O O-O 10.a3 Bf6 11.Ne4 h6 12.b4 Nb6 13.Nxf6+ Qxf6 14.Bd3 Rd8 15.Bb2 Nd5
16.Rc1 Bd7 17.Bb1 Nce7 18.Ne5 Bb5 19.Re1 Rac8 20.Rc5 Rxc5 21.dxc5 Nf5 22.Nc6
Qxb2 23.Nxd8 Nc3 24.Qc2 Qxa3 25.Nxb7 Qxb4 26.Nd6 Ne2+ 27.Rxe2 Bxe2 28.Qc1 Nd4
29.h3 Bf3 30.Kh2 Bd5 31.Bd3 Nb3 32.Qe3 Nxc5 33.Bc2 Nd7 34.Ne4 Bxe4 35.Bxe4 Qd6+
36.g3 Nc5 37.Bb1 a5 38.Qf3 Qd5 39.Qf4 e5 40.Qf5 g6 41.Qf6 e4 42.Qc3 Nd3 43.f3
Qf5 44.fxe4 Qf2+ 45.Kh1 Qf1+ 46.Kh2 Qxb1 47.Qxa5 Qb2+ 48.Kg1 Qf2+ 49.Kh1 Ne1

[Event "Staatsliga B - Ost 2002/03"]
[Site "Gols, Hauptplatz, RAIBA"]
[Date "2002.10.25"]
[Round "1"]
[Board "4"]
[White "Bachmayer, Josef"]
[Black "Wanderer, Thomas"]
[Result "1-0"]
[WhiteElo "2162"]
[BlackElo "2159"]
[PlyCount "77"]

1.d4 d5 2.Nc3 Nf6 3.Bg5 c6 4.Qd3 Nbd7 5.Nf3 g6 6.e4 dxe4 7.Nxe4 Bg7 8.Nxf6+ Nxf6
9.Qb3 O-O 10.Bd3 Qb6 11.O-O Be6 12.Qxb6 axb6 13.c4 Rfd8 14.h3 h6 15.Be3 Ne8
16.a3 Nd6 17.Rac1 Bf5 18.Be2 g5 19.g4 Bh7 20.h4 Ne4 21.hxg5 Nxg5 22.Nxg5 hxg5
23.Rcd1 e6 24.Rd2 f5 25.d5 exd5 26.Bxg5 Rd7 27.cxd5 cxd5 28.Bb5 Rd6 29.Bc4 fxg4
30.Bxd5+ Kh8 31.Bf4 Rd7 32.Rc1 Rad8 33.Rcd1 Bxb2 34.Bg5 Rc8 35.Rxb2 Kg7 36.Be3
Rcd8 37.Rbd2 Re8 38.Bc4 Rxd2 39.Rxd2

[Event "Staatsliga B - Ost 2002/03"]
[Site "Gols, Hauptplatz, RAIBA"]
[Date "2002.10.25"]
[Round "1"]
[Board "5"]
[White "Mayr, Thomas"]
[Black "Wadsack, Winfried"]
[Result "1-0"]
[WhiteElo "2086"]
[BlackElo "2149"]
[PlyCount "57"]

1.e4 d5 2.exd5 Nf6 3.d4 Nxd5 4.c4 Nb6 5.Nf3 g6 6.Nc3 Bg7 7.Be3 O-O 8.Be2 Nc6
9.h3 e5 10.dxe5 Nxe5 11.Nxe5 Bxe5 12.c5 Nd7 13.O-O c6 14.Qb3 Qe7 15.Qc4 Nf6
16.Bg5 Qe6 17.Qh4 Nd5 18.Bc4 Qf5 19.Bxd5 Bxc3 20.Be4 Qe5 21.bxc3 f6 22.Be3 Qxc3
23.Rfd1 Qe5 24.Bd4 Qe7 25.Re1 Be6 26.Bc2 Rf7 27.Rxe6 Qxe6 28.Bb3 Qe7 29.Qxf6

[Event "Staatsliga B - Ost 2002/03"]
[Site "Gols, Hauptplatz, RAIBA"]
[Date "2002.10.25"]
[Round "1"]
[Board "1"]
[White "Petran, Peter"]
[Black "Likavsky, Tomas"]
[Result "1/2-1/2"]
[WhiteElo "2372"]
[BlackElo "2465"]
[PlyCount "51"]

1.g3 e5 2.c4 g6 3.Bg2 Bg7 4.Nc3 d6 5.e3 Nc6 6.Nge2 h5 7.h4 Nh6 8.Be4 Nd4 9.Nxd4
exd4 10.Ne2 Ng4 11.d3 O-O 12.O-O a5 13.b3 c6 14.a3 Be6 15.Nf4 Bd7 16.Bd2 Ra6
17.Qc2 Qb6 18.b4 axb4 19.axb4 Rfa8 20.Ra5 Rxa5 21.bxa5 Qc7 22.Rb1 Ne5 23.Ne2 c5
24.Nf4 Bc6 25.Qb3 Bh6 26.Nd5

[Event "Staatsliga B - Ost 2002/03"]
[Site "Gols, Hauptplatz, RAIBA"]
[Date "2002.10.25"]
[Round "1"]
[Board "2"]
[White "Dudas, Jan"]
[Black "Lipka, Juraj"]
[Result "1/2-1/2"]
[WhiteElo "2341"]
[BlackElo "2432"]
[PlyCount "52"]

1.d4 Nf6 2.Nf3 c5 3.d5 g6 4.Nc3 Bg7 5.e4 d6 6.h3 O-O 7.Bc4 b5 8.Nxb5 Nxe4 9.O-O
a6 10.Na3 Bb7 11.Re1 Nf6 12.Bb3 Nbd7 13.c4 Nb6 14.Bd2 a5 15.Bc3 Qd7 16.Bc2 e6
17.dxe6 fxe6 18.Ng5 Rfe8 19.Qd2 a4 20.Rad1 d5 21.Be5 Qc6 22.Qf4 Nbd7 23.Nf3 d4
24.Nb5 Nxe5 25.Qxe5 Re7 26.Qg3 Nh5

[Event "Staatsliga B - Ost 2002/03"]
[Site "Gols, Hauptplatz, RAIBA"]
[Date "2002.10.25"]
[Round "1"]
[Board "3"]
[White "Brod, Manfred"]
[Black "Plank, Franz"]
[Result "1/2-1/2"]
[WhiteElo "2237"]
[BlackElo "2256"]
[PlyCount "35"]

1.e4 d5 2.exd5 Qxd5 3.Nc3 Qa5 4.d4 Nf6 5.Bc4 Nc6 6.d5 Nb4 7.Nge2 c6 8.dxc6 Nxc6
9.Bd2 Qd8 10.O-O e6 11.Bf4 Qxd1 12.Raxd1 a6 13.Ng3 Be7 14.a3 O-O 15.Rfe1 b5
16.Be2 Bb7 17.Bf3 Rfd8 18.Bc7

[Event "Staatsliga B - Ost 2002/03"]
[Site "Gols, Hauptplatz, RAIBA"]
[Date "2002.10.25"]
[Round "1"]
[Board "4"]
[White "Todor, Razvan"]
[Black "Strodl, Joachim"]
[Result "1-0"]
[WhiteElo "2202"]
[BlackElo "2070"]
[PlyCount "73"]

1.c4 g6 2.g3 Bg7 3.Bg2 Nc6 4.Nc3 e5 5.e4 Nge7 6.Nge2 O-O 7.d3 d6 8.O-O Be6 9.Nd5
Qd7 10.Bg5 f6 11.Be3 a5 12.Qd2 Kh8 13.f4 f5 14.Rf2 Rf7 15.Raf1 Ng8 16.exf5 gxf5
17.fxe5 dxe5 18.d4 Raf8 19.c5 exd4 20.Nxd4 Nxd4 21.Bxd4 c6 22.Bxg7+ Rxg7 23.Nf4
Qxd2 24.Rxd2 Bc8 25.Rfd1 Nf6 26.Re1 h5 27.Rd6 h4 28.Re3 hxg3 29.Rxg3 Rxg3
30.hxg3 Kg7 31.Bh3 Re8 32.Kf1 Kf7 33.Rd3 Ne4 34.Ne2 Ng5 35.Bg2 Kf6 36.Rd6+ Re6
37.Rd8

[Event "Staatsliga B - Ost 2002/03"]
[Site "Gols, Hauptplatz, RAIBA"]
[Date "2002.10.25"]
[Round "1"]
[Board "5"]
[White "Savio, Alfred"]
[Black "Trkulja, Zoran"]
[Result "1/2-1/2"]
[WhiteElo "2066"]
[BlackElo "2232"]
[PlyCount "29"]

1.Nc3 e6 2.Nf3 d5 3.e4 Nf6 4.exd5 exd5 5.d4 Bd6 6.Bg5 c6 7.Bd3 O-O 8.O-O Bg4
9.h3 Bh5 10.g4 Bg6 11.Ne5 Qb6 12.Nxg6 hxg6 13.Qd2 Nbd7 14.Rae1 Rae8 15.Bf4

[Event "Staatsliga B - Ost 2002/03"]
[Site "Gols, Hauptplatz, RAIBA"]
[Date "2002.10.25"]
[Round "1"]
[Board "6"]
[White "Allacher, Erwin"]
[Black "Wutzlhofer, Robert"]
[Result "1-0"]
[WhiteElo "2214"]
[BlackElo "2134"]
[PlyCount "81"]

1.d4 Nf6 2.c4 g6 3.Nc3 Bg7 4.e4 d6 5.Be2 O-O 6.Bg5 h6 7.Be3 e5 8.d5 a5 9.h4 c6
10.h5 g5 11.g4 b5 12.cxb5 cxb5 13.f3 b4 14.Na4 Nbd7 15.Nh3 Nc5 16.Nxc5 dxc5
17.Nf2 Nd7 18.Rc1 Re8 19.Nd3 Bf8 20.Nxc5 Nxc5 21.Bxc5 Bxc5 22.Rxc5 Qb6 23.Rc6
Qe3 24.Qd2 Qxd2+ 25.Kxd2 Kg7 26.Rhc1 Rd8 27.Rc7 Ba6 28.Bxa6 Rxa6 29.R1c6 Raa8
30.Re7 a4 31.Rb7 b3 32.a3 Rac8 33.Rcc7 Rxc7 34.Rxc7 Rb8 35.Kc3 Kf8 36.Rc4 Ra8
37.Kb4 Ke7 38.Rc7+ Kf8 39.Rc6 Kg7 40.d6 f5 41.gxf5

[Event "Staatsliga B - Ost 2002/03"]
[Site "Gols, Hauptplatz, RAIBA"]
[Date "2002.10.25"]
[Round "1"]
[Board "1"]
[White "Rotstein, Arkadij"]
[Black "Berkes, Ferenc"]
[Result "1/2-1/2"]
[WhiteElo "2544"]
[BlackElo "2545"]
[PlyCount "85"]

1.c4 c5 2.g3 g6 3.Bg2 Bg7 4.Nf3 Nc6 5.Nc3 d6 6.O-O e5 7.d3 Nge7 8.Ne1 Be6 9.Nd5
O-O 10.Nc2 Rb8 11.Bg5 h6 12.Bxe7 Nxe7 13.Nxe7+ Qxe7 14.a4 a6 15.a5 b5 16.axb6
Rxb6 17.Ne3 Qa7 18.Ra2 Rfb8 19.Qc2 e4 20.Bxe4 Rxb2 21.Rxb2 Rxb2 22.Qa4 Rxe2
23.Qe8+ Kh7 24.Rb1 Rb2 25.Rxb2 Bxb2 26.Bd5 Qd7 27.Qa8 Qc8 28.Qa7 Bd4 29.Bb7 Qe8
30.Qxa6 Bd7 31.Nc2 Bh3 32.Be4 f5 33.Qb7+ Bg7 34.Bg2 Bxg2 35.Kxg2 Qe2 36.Ne3 Qxd3
37.Qf7 Qe4+ 38.Kg1 Qb1+ 39.Kg2 Qe4+ 40.Kg1 h5 41.Qd5 Qb1+ 42.Kg2 Qe4+ 43.Kg1

[Event "Staatsliga B - Ost 2002/03"]
[Site "Gols, Hauptplatz, RAIBA"]
[Date "2002.10.25"]
[Round "1"]
[Board "2"]
[White "Lukacs, Peter"]
[Black "Wukits, Rene"]
[Result "1/2-1/2"]
[WhiteElo "2420"]
[BlackElo "2296"]
[PlyCount "49"]

1.d4 d5 2.c4 e6 3.Nf3 Nf6 4.Bg5 Be7 5.Nc3 O-O 6.e3 h6 7.Bh4 b6 8.Bd3 dxc4 9.Bxc4
Bb7 10.O-O Ne4 11.Nxe4 Bxe4 12.Bg3 c5 13.Qe2 Bd6 14.dxc5 Bxc5 15.Rfd1 Qe7 16.a3
a5 17.Nd4 Nd7 18.Nb3 Rfd8 19.h3 a4 20.Nd4 Nf6 21.Be5 Nd7 22.Bc7 Rdc8 23.Bg3 Nf6
24.Be5 Nd7 25.Bg3

[Event "Staatsliga B - Ost 2002/03"]
[Site "Gols, Hauptplatz, RAIBA"]
[Date "2002.10.25"]
[Round "1"]
[Board "3"]
[White "Kreindl, Helmut"]
[Black "Neulinger, Manfred"]
[Result "1/2-1/2"]
[WhiteElo "2230"]
[BlackElo "2384"]
[PlyCount "138"]

1.d4 Nf6 2.Nf3 e6 3.Bf4 b6 4.e3 Bb7 5.Nbd2 h6 6.h3 Nc6 7.c3 g5 8.Bh2 Bg7 9.Bd3
d6 10.Ne4 Nxe4 11.Bxe4 f5 12.Bd3 Ne7 13.O-O Qd7 14.a4 a6 15.Nd2 O-O 16.Qe2 e5
17.dxe5 dxe5 18.e4 Rfd8 19.Bc4+ Kf8 20.Rfd1 f4 21.Bb3 Qc6 22.h4 gxh4 23.Qh5 Qg6
24.Qxg6 Nxg6 25.f3 Bf6 26.Kf2 Be7 27.Be6 Rd6 28.Bf5 Rad8 29.Ke2 Kg7 30.Nc4 Rxd1
31.Rxd1 Rxd1 32.Kxd1 Bf6 33.Bg1 Kf7 34.Kc2 Ne7 35.Bd7 Bc6 36.Bxc6 Nxc6 37.b3 Ke6
38.Kd3 Be7 39.Bf2 b5 40.axb5 axb5 41.Nd2 Na5 42.b4 Nb7 43.Nb3 Kd7 44.Kc2 Nd8
45.Nc1 Nf7 46.Nd3 Ke6 47.Ne1 Nd6 48.Kd3 Nc4 49.Nc2 Kf7 50.Na1 Kg6 51.Nb3 Kh5
52.Na5 Na3 53.Nc6 Bd6 54.Na7 Kg5 55.Ke2 Be7 56.Nc6 Bf6 57.Na7 Kg6 58.Kd3 Kf7
59.Be1 Be7 60.Bd2 c5 61.Bc1 cxb4 62.cxb4 Bxb4 63.Nc6 Bd6 64.Bxa3 Bxa3 65.Nxe5+
Kf6 66.Ng4+ Kg5 67.Nf2 Kf6 68.Ng4+ Kg5 69.Nf2 Kf6

[Event "Staatsliga B - Ost 2002/03"]
[Site "Gols, Hauptplatz, RAIBA"]
[Date "2002.10.25"]
[Round "1"]
[Board "4"]
[White "Schroll, Gerhard"]
[Black "Froeschl, Felix"]
[Result "1-0"]
[WhiteElo "2381"]
[BlackElo "2261"]
[PlyCount "65"]

1.c4 c5 2.Nf3 b6 3.Nc3 Bb7 4.d4 cxd4 5.Nxd4 Nf6 6.f3 g6 7.e4 d6 8.Be3 Bg7 9.Be2
Nbd7 10.Rc1 O-O 11.O-O Nc5 12.Qd2 Qd7 13.Rfd1 Rad8 14.b4 Ne6 15.Nb3 Qc8 16.a4
Qb8 17.a5 bxa5 18.Nxa5 Ba8 19.Nd5 Rfe8 20.Rb1 Kf8 21.Bf1 Rd7 22.Qf2 Nd8 23.b5 e6
24.Nc6 Qb7 25.Ndb4 Kg8 26.Ra1 Nxc6 27.bxc6 Qxb4 28.cxd7 Nxd7 29.Rdb1 Qc3 30.Rxa7
Nc5 31.Qe1 Qe5 32.Qa5 Bc6 33.Qc7

[Event "Staatsliga B - Ost 2002/03"]
[Site "Gols, Hauptplatz, RAIBA"]
[Date "2002.10.25"]
[Round "1"]
[Board "5"]
[White "Schwaninger, Wolfgang"]
[Black "Posch, Werner"]
[Result "1/2-1/2"]
[WhiteElo "2188"]
[BlackElo "2290"]
[PlyCount "34"]

1.d4 d5 2.Nf3 Bf5 3.e3 Nf6 4.Be2 e6 5.Nbd2 h6 6.O-O Nbd7 7.c4 c6 8.b3 Bd6 9.Bb2
Qb8 10.a4 b5 11.Qc1 O-O 12.h3 Re8 13.Re1 Bh7 14.Ba3 Bc7 15.Qc3 e5 16.dxe5 Nxe5
17.Nd4 Bd6

[Event "Staatsliga B - Ost 2002/03"]
[Site "Gols, Hauptplatz, RAIBA"]
[Date "2002.10.25"]
[Round "1"]
[Board "1"]
[White "Schweda, Roland"]
[Black "Tibensky, Robert"]
[Result "1/2-1/2"]
[WhiteElo "2354"]
[BlackElo "2446"]
[PlyCount "55"]

1.d4 Nf6 2.c4 c5 3.d5 b5 4.cxb5 a6 5.b6 g6 6.Nc3 d6 7.e4 Bg7 8.Nf3 Nbd7 9.Be2
Nxb6 10.O-O O-O 11.a4 Rb8 12.Qc2 Bb7 13.Rd1 Qc7 14.h3 e6 15.a5 Nbd7 16.dxe6 fxe6
17.Ng5 Rbe8 18.Qb3 d5 19.exd5 exd5 20.Nxd5 Nxd5 21.Rxd5 Kh8 22.Be3 Bxd5 23.Qxd5
Nf6 24.Qc4 Qe7 25.Rc1 h6 26.Qh4 Nh7 27.Nf3 Qc7 28.Bxa6

[Event "Staatsliga B - Ost 2002/03"]
[Site "Gols, Hauptplatz, RAIBA"]
[Date "2002.10.25"]
[Round "1"]
[Board "2"]
[White "Wallner, Joachim"]
[Black "Vavrak, Peter"]
[Result "0-1"]
[WhiteElo "2297"]
[BlackElo "2397"]
[PlyCount "52"]

1.e4 e6 2.d4 d5 3.Nd2 Be7 4.c3 c5 5.dxc5 Nf6 6.exd5 Qxd5 7.Ngf3 Bxc5 8.Bc4 Qh5
9.O-O O-O 10.Nb3 Bb6 11.Qe2 Bc7 12.h3 e5 13.Nc5 Nbd7 14.Nxd7 Bxd7 15.Re1 e4
16.Nh2 Qg6 17.Kh1 Kh8 18.Be3 Nh5 19.Rad1 Rad8 20.Bd5 f5 21.Qc4 Bb8 22.Bxb7 Be6
23.Bd5 Rxd5 24.Rxd5 Qf7 25.Rxf5 Qxf5 26.Qb4 Nf4

[Event "Staatsliga B - Ost 2002/03"]
[Site "Gols, Hauptplatz, RAIBA"]
[Date "2002.10.25"]
[Round "1"]
[Board "3"]
[White "Stranz, Richard"]
[Black "Brustkern, Juergen"]
[Result "1-0"]
[WhiteElo "2252"]
[BlackElo "2331"]
[PlyCount "89"]

1.e4 g6 2.d4 Bg7 3.Nc3 c5 4.Nf3 Qa5 5.Be3 Nf6 6.Qd2 cxd4 7.Nxd4 Nc6 8.Nb3 Qd8
9.O-O-O O-O 10.f3 d6 11.g4 Be6 12.h4 Rc8 13.Kb1 Ne5 14.Nd4 Nc4 15.Bxc4 Rxc4
16.h5 Qc8 17.Rdg1 Qd7 18.Nf5 Rxc3 19.bxc3 Qa4 20.Kc1 Bxf5 21.gxf5 Qxa2 22.Kd1
Nd7 23.hxg6 Qa1+ 24.Ke2 Qa6+ 25.Qd3 Qc6 26.gxh7+ Kh8 27.Rxg7 Kxg7 28.Bh6+ Kh8
29.Bxf8 Nxf8 30.Qd4+ f6 31.Qg1 Nxh7 32.Qg6 Qc4+ 33.Kd2 Qg8 34.Qh5 d5 35.Ke3 dxe4
36.fxe4 a5 37.Qg6 a4 38.Qxg8+ Kxg8 39.Rb1 a3 40.Rxb7 Kf7 41.Ra7 Nf8 42.Rxa3 Nd7
43.Ra5 Nb6 44.Kd4 e5+ 45.fxe6+

[Event "Staatsliga B - Ost 2002/03"]
[Site "Gols, Hauptplatz, RAIBA"]
[Date "2002.10.25"]
[Round "1"]
[Board "4"]
[White "Meszaros, Michal"]
[Black "Krpelan, Wolfgang"]
[Result "1/2-1/2"]
[WhiteElo "2327"]
[BlackElo "2217"]
[PlyCount "34"]

1.e4 c5 2.Nf3 a6 3.c3 b5 4.d4 Bb7 5.Bd3 e6 6.O-O Qc7 7.Re1 Nc6 8.Nbd2 cxd4
9.Nxd4 Nge7 10.N2f3 Ng6 11.Be3 Nce5 12.Nxe5 Nxe5 13.Bf1 Nc4 14.Bc1 Be7 15.Qe2
Rc8 16.a4 b4 17.b3 Nd6

[Event "Staatsliga B - Ost 2002/03"]
[Site "Gols, Hauptplatz, RAIBA"]
[Date "2002.10.25"]
[Round "1"]
[Board "5"]
[White "Ranits, Franz"]
[Black "Fusi, Christoph"]
[Result "1-0"]
[WhiteElo "2209"]
[BlackElo "2297"]
[PlyCount "83"]

1.e4 c6 2.d4 d5 3.Nc3 dxe4 4.Nxe4 Nd7 5.Nf3 Ngf6 6.Nxf6+ Nxf6 7.Ne5 e6 8.c3 Nd7
9.Nd3 c5 10.Be3 Qc7 11.Qa4 cxd4 12.cxd4 Bd6 13.Rc1 Qb8 14.Nc5 a6 15.Ne4 O-O
16.Nxd6 Qxd6 17.Bd3 b5 18.Qc2 Bb7 19.O-O f5 20.f3 Rac8 21.Qd2 Nb6 22.Rxc8 Rxc8
23.Rc1 Rxc1+ 24.Qxc1 Nd5 25.Bd2 Nb4 26.Bb1 Qxd4+ 27.Be3 Qd5 28.a3 Nc6 29.Kf2 Kf7
30.Qc3 Qe5 31.Qd2 Ne7 32.Bf4 Qc5+ 33.Be3 Qd5 34.Qc3 e5 35.Bc2 Kf6 36.Bb3 Qc6
37.Qb4 g5 38.Bxg5+ Kxg5 39.Qxe7+ Kg6 40.Bf7+ Kh6 41.Qf8+ Kg5 42.Qg7+

[Event "Staatsliga B - Ost 2002/03"]
[Site "Gols, Hauptplatz, RAIBA"]
[Date "2002.10.25"]
[Round "1"]
[Board "6"]
[White "Knoflicek, Ctibor"]
[Black "Froschauer, Hans"]
[Result "1/2-1/2"]
[WhiteElo "2185"]
[BlackElo "2123"]
[PlyCount "53"]

1.Nf3 Nf6 2.c4 g6 3.Nc3 Bg7 4.e4 d6 5.d4 O-O 6.Be2 c6 7.O-O Qc7 8.h3 e5 9.Be3
Nbd7 10.d5 c5 11.Ne1 Re8 12.a3 a6 13.b4 Rb8 14.Rc1 b6 15.Nd3 h6 16.Qd2 Kh7
17.Rb1 Rb7 18.Rfc1 Ng8 19.g4 Ne7 20.Kh2 Rg8 21.bxc5 bxc5 22.Rxb7 Bxb7 23.Rb1 f5
24.gxf5 gxf5 25.exf5 Nf6 26.Bf3 Bc8 27.Ne4

[Event "Staatsliga B - Ost 2002/03"]
[Site "Gols, Hauptplatz, RAIBA"]
[Date "2002.10.25"]
[Round "1"]
[Board "1"]
[White "Balinov, Ilija"]
[Black "Pingitzer, Harald"]
[Result "0-1"]
[WhiteElo "2444"]
[BlackElo "2372"]
[PlyCount "64"]

1.d4 d5 2.c4 c6 3.Nf3 e6 4.Nc3 Nf6 5.Bg5 Nbd7 6.e3 Qa5 7.cxd5 Ne4 8.dxe6 fxe6
9.Bh4 Bb4 10.Nd2 Nxc3 11.bxc3 Bxc3 12.Rc1 Nf6 13.Bd3 Nd5 14.O-O Bxd2 15.Rc5 b5
16.Qh5+ Kf8 17.Bxh7 Qc7 18.Qf3+ Qf7 19.Qe4 g5 20.Bg6 Rxh4 21.Qxh4 gxh4 22.Bxf7
Kxf7 23.Rxc6 Bd7 24.Rc2 Ba5 25.e4 Nf6 26.d5 Nxe4 27.dxe6+ Bxe6 28.Rb1 Rd8 29.g4
Bxg4 30.f3 Bb6+ 31.Kg2 h3+ 32.Kf1 Bxf3

[Event "Staatsliga B - Ost 2002/03"]
[Site "Gols, Hauptplatz, RAIBA"]
[Date "2002.10.25"]
[Round "1"]
[Board "2"]
[White "Kummer, Helmut"]
[Black "Miniboeck, Guenter"]
[Result "1/2-1/2"]
[WhiteElo "2341"]
[BlackElo "2335"]
[PlyCount "54"]

1.d4 Nf6 2.c4 e6 3.Nc3 Bb4 4.e3 c5 5.Nge2 cxd4 6.exd4 O-O 7.a3 Be7 8.Nf4 d5
9.cxd5 Nxd5 10.Ncxd5 exd5 11.Bd3 Nc6 12.O-O Bf6 13.Be3 g6 14.Bc2 Qd6 15.Bb3 Be6
16.Nxe6 fxe6 17.Qd2 b6 18.Rac1 Na5 19.Ba2 Rac8 20.Qd3 Qd7 21.b4 Nb7 22.Bf4 Nd6
23.Be5 Be7 24.Rfe1 Rxc1 25.Rxc1 Rc8 26.Re1 Nc4 27.g3 Nxe5

[Event "Staatsliga B - Ost 2002/03"]
[Site "Gols, Hauptplatz, RAIBA"]
[Date "2002.10.25"]
[Round "1"]
[Board "3"]
[White "Brandner, Stefan"]
[Black "Schneider-Zinner, Harald"]
[Result "1/2-1/2"]
[WhiteElo "2300"]
[BlackElo "2353"]
[PlyCount "48"]

1.e4 e6 2.d4 d5 3.Nd2 c5 4.exd5 exd5 5.Ngf3 Nf6 6.Bb5+ Bd7 7.Bxd7+ Nbxd7 8.O-O
Be7 9.dxc5 Nxc5 10.Nb3 Nce4 11.Nfd4 Qd7 12.Bf4 O-O 13.a4 Rac8 14.c3 Rfe8 15.a5
a6 16.Qf3 Bd6 17.Rfe1 Bxf4 18.Qxf4 Qd6 19.Qxd6 Nxd6 20.Rxe8+ Nfxe8 21.Re1 Kf8
22.Nc1 Rc5 23.Ncb3 Rc7 24.Nc1 Rc5

[Event "Staatsliga B - Ost 2002/03"]
[Site "Gols, Hauptplatz, RAIBA"]
[Date "2002.10.25"]
[Round "1"]
[Board "4"]
[White "Hansen, Kay"]
[Black "Eibersberger, Manfred"]
[Result "1/2-1/2"]
[WhiteElo "2265"]
[BlackElo "2134"]
[PlyCount "51"]

1.d4 g6 2.e4 Bg7 3.c4 c5 4.Ne2 cxd4 5.Nxd4 Nc6 6.Be3 Nf6 7.Nc3 O-O 8.Be2 b6
9.O-O Bb7 10.f4 d6 11.Bf3 Rc8 12.Qe2 Nxe4 13.Ncb5 Nxd4 14.Bxd4 Bxd4+ 15.Nxd4 Nc5
16.Rae1 e6 17.b4 Bxf3 18.Rxf3 Qf6 19.Rd1 Nb7 20.Nb5 a6 21.Nxd6 Nxd6 22.Rxd6 Rfd8
23.Qe5 Qxe5 24.fxe5 Rxd6 25.exd6 Rxc4 26.Rd3

[Event "Staatsliga B - Ost 2002/03"]
[Site "Gols, Hauptplatz, RAIBA"]
[Date "2002.10.25"]
[Round "1"]
[Board "5"]
[White "Sulyok, Michael"]
[Black "Holzer, Gerhard"]
[Result "1/2-1/2"]
[WhiteElo "2222"]
[BlackElo "2236"]
[PlyCount "72"]

1.c4 Nf6 2.Nc3 c5 3.g3 e6 4.Nf3 b6 5.Bg2 Bb7 6.O-O Be7 7.Re1 O-O 8.e4 d6 9.d4
cxd4 10.Nxd4 Qc8 11.b3 a6 12.Bb2 Nbd7 13.Rc1 Rd8 14.f4 Qb8 15.Kh1 h5 16.Qe2 Qa7
17.Red1 Re8 18.h3 Rac8 19.Kh2 h4 20.g4 e5 21.Nf5 exf4 22.Qf2 g5 23.Nxd6 Ne5
24.Bf3 Qb8 25.Nxe8 Rxe8 26.Nd5 Bxd5 27.Bxe5 Qxe5 28.exd5 Bc5 29.Qg2 Ne4 30.Qc2
Ng3 31.Re1 Qxe1 32.Rxe1 Rxe1 33.Qb2 Rf1 34.Qf6 Rxf3 35.Qxg5+ Kf8 36.Qd8+ Kg7

[Event "Staatsliga B - Ost 2002/03"]
[Site "Gols, Hauptplatz, RAIBA"]
[Date "2002.10.25"]
[Round "1"]
[Board "6"]
[White "Palfinger, Wolfgang"]
[Black "Bandy, Attila"]
[Result "1/2-1/2"]
[WhiteElo "2111"]
[BlackElo "2208"]
[PlyCount "148"]

1.e4 d5 2.exd5 Qxd5 3.Nc3 Qa5 4.d4 c6 5.Nf3 Nf6 6.Bd2 Qc7 7.g3 Bg4 8.Bf4 Qb6
9.b3 e6 10.a3 Bxa3 11.Na4 Qa5+ 12.c3 Be7 13.Bd2 O-O 14.Bg2 Nbd7 15.O-O Qc7
16.Bf4 Bd6 17.Bxd6 Qxd6 18.Re1 Rfe8 19.Qc2 Bxf3 20.Bxf3 e5 21.dxe5 Rxe5 22.Nb2
Rae8 23.Red1 Qb8 24.Nc4 R5e7 25.Nd6 Rd8 26.Nf5 Re6 27.Bg2 a6 28.Rd2 Nf8 29.Nd4
Ree8 30.Rad1 g6 31.b4 Ne6 32.Nxe6 Rxd2 33.Qxd2 Rxe6 34.Qd4 Qe5 35.Qb6 Qxc3
36.Qxb7 Re1+ 37.Rxe1 Qxe1+ 38.Bf1 Nd5 39.Qxc6 Nxb4 40.Qb6 h6 41.Kg2 Qe4+ 42.Kg1
Nc2 43.Qxa6 Ne1 44.Qe2 Nf3+ 45.Kg2 Qxe2 46.Bxe2 Nd4 47.Bd3 g5 48.f3 Kg7 49.Kf2
Nc6 50.g4 Kf6 51.Be4 Nd8 52.Kg3 Ke5 53.h4 Ne6 54.hxg5 hxg5 55.Bb7 Kd4 56.Bc6 f6
57.Bb7 Ke3 58.Bc6 Ke2 59.Bb5+ Ke1 60.Bc6 Nd4 61.Bb7 Ne2+ 62.Kg2 Nf4+ 63.Kg3 Kf1
64.Ba6+ Kg1 65.Bb5 Nd5 66.Ba6 Kh1 67.Bb7 Nf4 68.Ba6 Kg1 69.Bb5 Nd5 70.Ba6 Nb4
71.Bc4 Nc2 72.Ba6 Ne3 73.Bb5 Nd1 74.f4 gxf4+

[Event "Staatsliga B - Ost 2002/03"]
[Site "Gols, Hauptplatz, RAIBA"]
[Date "2002.10.25"]
[Round "1"]
[Board "1"]
[White "Polak, Tomas"]
[Black "Staudner, Oliver"]
[Result "1-0"]
[WhiteElo "2475"]
[BlackElo "2360"]
[PlyCount "67"]

1.d4 d5 2.c4 Nc6 3.Nf3 Bg4 4.Bg5 f6 5.Bf4 e6 6.Nc3 Bb4 7.e3 Nge7 8.Be2 dxc4
9.Bxc4 Nd5 10.O-O Nxf4 11.exf4 Qd6 12.h3 Bxf3 13.Qxf3 O-O-O 14.Nb5 Qd7 15.Qb3
Rhe8 16.f5 exf5 17.d5 Bc5 18.dxc6 Qxc6 19.Nc3 Re5 20.Rad1 Rxd1 21.Rxd1 Qe8
22.Kf1 c6 23.Bg8 h6 24.Bf7 Qe7 25.Bg6 f4 26.Qc4 f5 27.Qxf4 Qf6 28.Bh5 Bd6 29.Qd4
Qe7 30.Qc4 Re6 31.Bf3 g5 32.Nd5 Qe8 33.Ne3 Kb8 34.Nxf5

[Event "Staatsliga B - Ost 2002/03"]
[Site "Gols, Hauptplatz, RAIBA"]
[Date "2002.10.25"]
[Round "1"]
[Board "2"]
[White "Plachetka, Jan"]
[Black "Groetz, Harald"]
[Result "0-1"]
[WhiteElo "2451"]
[BlackElo "2322"]
[PlyCount "54"]

1.e4 c5 2.Nf3 d6 3.d4 cxd4 4.Nxd4 Nf6 5.Nc3 Nc6 6.Bc4 e6 7.Be3 Be7 8.Qe2 Bd7
9.O-O-O Rc8 10.Bb3 Na5 11.f3 Nxb3+ 12.cxb3 a6 13.Kb1 b5 14.g4 b4 15.Na4 Qa5
16.g5 Nh5 17.f4 g6 18.f5 exf5 19.exf5 Bxf5+ 20.Nxf5 Qxf5+ 21.Ka1 O-O 22.Nb6 Rc2
23.Nd5 Bxg5 24.Qxh5 Qe5 25.Bd4 Qxd5 26.Qg4 h5 27.Qd7 Rd2

[Event "Staatsliga B - Ost 2002/03"]
[Site "Gols, Hauptplatz, RAIBA"]
[Date "2002.10.25"]
[Round "1"]
[Board "3"]
[White "Hangweyrer, Manfred"]
[Black "Beckhuis, Gernod"]
[Result "1/2-1/2"]
[WhiteElo "2315"]
[BlackElo "2283"]
[PlyCount "30"]

1.Nf3 Nf6 2.d4 g6 3.Bg5 Bg7 4.c3 b6 5.Nbd2 Bb7 6.e3 d6 7.h3 O-O 8.Be2 c5 9.O-O
Nbd7 10.b4 Rc8 11.Qb3 cxd4 12.cxd4 Qc7 13.a4 Bd5 14.Qa3 Qb7 15.Rfc1 Rxc1+

[Event "Staatsliga B - Ost 2002/03"]
[Site "Gols, Hauptplatz, RAIBA"]
[Date "2002.10.25"]
[Round "1"]
[Board "4"]
[White "Vokroj, Rene"]
[Black "Molik, Zdenek"]
[Result "1/2-1/2"]
[WhiteElo "2287"]
[BlackElo "2179"]
[PlyCount "113"]

1.Nf3 Nf6 2.g3 d5 3.Bg2 c5 4.d3 Nc6 5.Nbd2 e5 6.e4 Be7 7.O-O O-O 8.c3 Be6 9.Qe2
Qc7 10.Ng5 Bg4 11.Bf3 Bxf3 12.Ndxf3 Rad8 13.Nh4 Rfe8 14.Nf5 Bf8 15.g4 Qd7 16.f3
b5 17.Be3 g6 18.Ng3 d4 19.cxd4 Nxd4 20.Qf2 Qd6 21.Rac1 Rd7 22.h4 h6 23.Nh3 Qe6
24.b3 Nh7 25.Qd2 h5 26.Bxd4 Rxd4 27.Nf2 hxg4 28.fxg4 Red8 29.Qe2 Be7 30.g5 Nf8
31.Ng4 Rxd3 32.Nh6+ Kh8 33.Rf3 Rxf3 34.Qxf3 f6 35.gxf6 Bxf6 36.Rxc5 Qb6 37.Kh1
Kg7 38.Ng4 Rd6 39.Qe3 Kf7 40.Qc1 Ne6 41.Nxe5+ Kg7 42.Rc6 Rxc6 43.Nxc6 Qc7 44.Ne2
Bxh4 45.Qc3+ Kg8 46.Nb4 Qf7 47.Qh3 Bf2 48.Nd3 Bb6 49.Ne5 Qf6 50.Nd7 Qf7 51.Nxb6
axb6 52.Qe3 Nc5 53.Kg2 Qe6 54.Ng3 Kg7 55.Qe2 Qd7 56.Kf3 Ne6 57.Qe3

[Event "Staatsliga B - Ost 2002/03"]
[Site "Gols, Hauptplatz, RAIBA"]
[Date "2002.10.25"]
[Round "1"]
[Board "6"]
[White "Rogetzer, Klaus"]
[Black "Schirmbeck, Hannes"]
[Result "1/2-1/2"]
[WhiteElo "2135"]
[BlackElo "2144"]
[PlyCount "38"]

1.d4 Nf6 2.c4 g6 3.Nc3 Bg7 4.e4 d6 5.f3 O-O 6.Bg5 c5 7.d5 e6 8.Qd2 exd5 9.cxd5
Bd7 10.Bd3 Na6 11.Nge2 Re8 12.O-O Qa5 13.Kh1 Rac8 14.a3 c4 15.Bc2 Nc5 16.Ng3 b5
17.Qf4 Qd8 18.Rad1 Re5 19.Qd2 Qf8

[Event "Staatsliga B - Ost 2002/03"]
[Site "Gols, Hauptplatz, RAIBA"]
[Date "2002.10.26"]
[Round "2"]
[Board "1"]
[White "Berkes, Ferenc"]
[Black "Schweda, Roland"]
[Result "1-0"]
[WhiteElo "2545"]
[BlackElo "2354"]
[PlyCount "71"]

1.d4 Nf6 2.c4 g6 3.Nc3 Bg7 4.e4 d6 5.Nf3 O-O 6.Be2 e5 7.Be3 Ng4 8.Bg5 f6 9.Bc1
Nc6 10.d5 Ne7 11.h3 Nh6 12.h4 f5 13.Ng5 Ng4 14.Bxg4 fxg4 15.h5 c6 16.hxg6 Nxg6
17.Nxh7 Rf7 18.Ng5 Rf8 19.g3 c5 20.Qe2 Qe7 21.Bd2 a6 22.O-O-O b5 23.Rdf1 bxc4
24.f3 gxf3 25.Qh2 Bf6 26.Qh5 Qg7 27.Nh7 Rf7 28.Rxf3 Raa7 29.Nxf6+ Rxf6 30.Bh6
Qf7 31.Rhf1 Nf4 32.Qg5+ Kh7 33.gxf4 Rxh6 34.fxe5 Qg7 35.Qxg7+ Rxg7 36.e6

[Event "Staatsliga B - Ost 2002/03"]
[Site "Gols, Hauptplatz, RAIBA"]
[Date "2002.10.26"]
[Round "2"]
[Board "2"]
[White "Vavrak, Peter"]
[Black "Lukacs, Peter"]
[Result "1/2-1/2"]
[WhiteElo "2397"]
[BlackElo "2420"]
[PlyCount "36"]

1.d4 d5 2.c4 c6 3.Nf3 Nf6 4.e3 Bg4 5.h3 Bxf3 6.Qxf3 e6 7.Nc3 Nbd7 8.Bd3 Bb4
9.O-O O-O 10.Bd2 Re8 11.a3 Ba5 12.b4 Bc7 13.cxd5 cxd5 14.e4 e5 15.Nxd5 Nxd5
16.exd5 exd4 17.Rac1 Ne5 18.Qe4 Nxd3